MARC details
| 000 -CABECERA |
| campo de control de longitud fija |
01896nam a2200337 i 4500 |
| 003 - IDENTIFICADOR DEL NÚMERO DE CONTROL |
| campo de control |
DO-SdBNP |
| 005 - FECHA Y HORA DE LA ÚLTIMA TRANSACCIÓN |
| campo de control |
20230418094813.0 |
| 006 - CÓDIGOS DE INFORMACIÓN DE LONGITUD FIJA--CARACTERÍSTICAS DEL MATERIAL ADICIONAL |
| campo de control de longitud fija |
a|||||r|||| 00| 0 |
| 007 - CAMPO FIJO DE DESCRIPCIÓN FÍSICA--INFORMACIÓN GENERAL |
| campo de control de longitud fija |
ta |
| 008 - DATOS DE LONGITUD FIJA--INFORMACIÓN GENERAL |
| campo de control de longitud fija |
230417e1998 dr ao||gr|||| 00| 0cspa d |
| 040 ## - FUENTE DE LA CATALOGACIÓN |
| Centro catalogador/agencia de origen |
DO-SdBNP |
| Lengua de catalogación |
spa |
| Centro/agencia transcriptor |
BNPHU |
| 082 #4 - NÚMERO DE LA CLASIFICACIÓN DECIMAL DEWEY |
| Número de edición |
22 |
| Número de documento/Ítem |
H887p |
| 245 00 - MENCIÓN DE TÍTULO |
| Título |
Huellas de la pintura cubana de hoy. / |
| Mención de responsabilidad, etc. |
Texto, Marianne de Tolentino; coordinación, Rolando Leclerc; diseño y fotografía, Gianfranco Lanzetti; presentación, Fausto Brito |
| 264 ## - PRODUCCIÓN, PUBLICACIÓN, DISTRIBUCIÓN, FABRICACIÓN Y COPYRIGHT |
| Producción, publicación, distribución, fabricación y copyright |
Santo Domingo : |
| Nombre del de productor, editor, distribuidor, fabricante |
Fausto Art Gallery, |
| Fecha de producción, publicación, distribución, fabricación o copyright |
1998 |
| 300 ## - DESCRIPCIÓN FÍSICA |
| Extensión |
18 páginas : |
| Otras características físicas |
Ilustraciones ; |
| Dimensiones |
22 cm |
| 500 ## - NOTA GENERAL |
| Nota general |
Incluye biografías. |
| 500 ## - NOTA GENERAL |
| Nota general |
En la portada Pedro Roig Buenos "Polichinela". Acrílico- 30" x 40" - 1998. |
| 500 ## - NOTA GENERAL |
| Nota general |
Incluye pie de foto. |
| 590 ## - NOTA LOCAL (RLIN) |
| Nota local |
Inventariado 2023/ MF |
| 600 1# - PUNTO DE ACCESO ADICIONAL DE MATERIA--NOMBRE DE PERSONA |
| Nombre de persona |
Besmar Nieves, Joel, |
| Fechas asociadas al nombre |
1968. |
| Título de la obra |
Óleo- tela: Cazador de Sombras, Reflejos del Perenne, |
| Subdivisión general |
Arte contemporáneo. |
| Subdivisión geográfica |
Camagüey, Cuba. |
| 9 (RLIN) |
83272 |
| 600 1# - PUNTO DE ACCESO ADICIONAL DE MATERIA--NOMBRE DE PERSONA |
| Nombre de persona |
Carballo, Oscar, |
| Fechas asociadas al nombre |
1951. |
| Título de la obra |
Óleo- tela: Sin Título |
| Subdivisión general |
Arte contemporáneo. |
| Subdivisión geográfica |
Santiago de Cuba, |
| 9 (RLIN) |
83273 |
| 600 1# - PUNTO DE ACCESO ADICIONAL DE MATERIA--NOMBRE DE PERSONA |
| Nombre de persona |
Puente Carvajal, Omar, |
| Fechas asociadas al nombre |
1947. |
| Título de la obra |
Acrílica- tela: Después del Baño, La Lectura. |
| Subdivisión general |
Arte contemporáneo. |
| Subdivisión geográfica |
Santiago de Cuba, |
| 9 (RLIN) |
83274 |
| 600 ## - PUNTO DE ACCESO ADICIONAL DE MATERIA--NOMBRE DE PERSONA |
| 9 (RLIN) |
24690 |
| Nombre de persona |
Quevedo, Janet, |
| Subdivisión geográfica |
Matanzas, República Dominicana, |
| Fechas asociadas al nombre |
1974. |
| Título de la obra |
Acrílica- tela: Máscara para la Danza Tropical II. Danzando Ilusiones. |
| Subdivisión general |
Arte contemporáneo. |
| 600 ## - PUNTO DE ACCESO ADICIONAL DE MATERIA--NOMBRE DE PERSONA |
| Nombre de persona |
Rodríguez Pineda, Julio, |
| Subdivisión geográfica |
Cienfuegos, cuba, |
| Fechas asociadas al nombre |
1955. |
| Título de la obra |
Acrílica- tela: siboney Heterodoxo. El Paraíso Perdido. |
| Subdivisión general |
Arte contemporáneo. |
| 9 (RLIN) |
83277 |
| 600 ## - PUNTO DE ACCESO ADICIONAL DE MATERIA--NOMBRE DE PERSONA |
| Nombre de persona |
Roig Bueno ,Pedro, |
| Subdivisión geográfica |
Santiago de Cuba. |
| Fechas asociadas al nombre |
1960. |
| Título de la obra |
Acrílica- tela: Pescadores de Inocencia. |
| Subdivisión general |
Arte contemporáneo. |
| 9 (RLIN) |
83278 |
| 700 1# - PUNTO DE ACCESO ADICIONAL--NOMBRE DE PERSONA |
| 9 (RLIN) |
73333 |
| Nombre de persona |
Tolentino, Marianne de, |
| Fechas asociadas al nombre |
1951- |
| Término indicativo de función/relación |
texto |
| 700 1# - PUNTO DE ACCESO ADICIONAL--NOMBRE DE PERSONA |
| Nombre de persona |
Leclerc, Rolando, |
| Término indicativo de función/relación |
Coordinador |
| 9 (RLIN) |
83266 |
| 700 1# - PUNTO DE ACCESO ADICIONAL--NOMBRE DE PERSONA |
| 9 (RLIN) |
62924 |
| Nombre de persona |
Lanzetti, Gianfranco |
| Término indicativo de función/relación |
fotografías |
| 700 1# - PUNTO DE ACCESO ADICIONAL--NOMBRE DE PERSONA |
| Nombre de persona |
Brito, Fausto, |
| Término indicativo de función/relación |
presentación |
| 9 (RLIN) |
83267 |
| 942 ## - ELEMENTOS DE PUNTO DE ACCESO ADICIONAL (KOHA) |
| Fuente del sistema de clasificación o colocación |
Dewey Decimal Classification |
| Tipo de ítem Koha |
Folleto |